Физика окружающей среды: материалы VII Международной школы молодых ученых, 22-28 июня 2008 г., г. Красноярск

Bibliographic Details
Corporate Authors: Томский государственный университет (ТГУ), Якутский государственный университет им. М. К. Аммосова (ЯГУ), Российская академия наук (РАН) Сибирское отделение (СО) Институт оптики атмосферы им. В. Е. Зуева (ИОА), Физика окружающей среды материалы Международной школы
Summary:Сборник включает статьи участников VII Международной школы молодых ученых «Физика окружающей среды». Обсуждаются результаты теоретических и экспериментальных исследований по следующим направлениям: физика атмосферы, ионосферы и магнитосферы; физика солнечно-земных связей; физическая экология; распространение электромагнитных волн в атмосфере, ионосфере и океане; физика и химия атмосферного аэрозоля; радиация и климат; физические основы, методы и аппаратура оптического, радиоволнового и акустического зондирования окружающей среды.Для специалистов в области физики, оптики атмосферы и океана, радиофизики, метеорологии и экологии.
Language:Russian
Published: Томск, ТМЛ-Пресс, 2008
Subjects:
Format: Book
KOHA link:https://koha.lib.tpu.ru/cgi-bin/koha/opac-detail.pl?biblionumber=246986

MARC

LEADER 00000nam0a2200000 4500
001 246986
005 20231101232247.0
010 |a 5946212613 
035 |a (RuTPU)RU\TPU\book\268454 
035 |a RU\TPU\book\268453 
090 |a 246986 
100 |a 20131212d2008 k y0rusy50 ca 
101 0 |a rus 
102 |a RU 
105 |a a z 101zy 
200 1 |a Физика окружающей среды  |e материалы VII Международной школы молодых ученых, 22-28 июня 2008 г., г. Красноярск  |f Томский государственный университет (ТГУ) ; Якутский государственный университет им. М. К. Аммосова (ЯГУ) ; Российская академия наук (РАН), Сибирское отделение (СО), Институт оптики атмосферы им. В. Е. Зуева (ИОА) 
210 |a Томск  |c ТМЛ-Пресс  |d 2008 
215 |a 106 с.  |c ил. 
320 |a Библиография в конце докладов. 
330 |a Сборник включает статьи участников VII Международной школы молодых ученых «Физика окружающей среды». Обсуждаются результаты теоретических и экспериментальных исследований по следующим направлениям: физика атмосферы, ионосферы и магнитосферы; физика солнечно-земных связей; физическая экология; распространение электромагнитных волн в атмосфере, ионосфере и океане; физика и химия атмосферного аэрозоля; радиация и климат; физические основы, методы и аппаратура оптического, радиоволнового и акустического зондирования окружающей среды.Для специалистов в области физики, оптики атмосферы и океана, радиофизики, метеорологии и экологии. 
606 1 |a Экология в целом  |2 stltpush  |3 (RuTPU)RU\TPU\subj\39023  |9 59264 
610 1 |a Международные школы молодых ученых 
610 1 |a научные статьи 
610 1 |a окружающая среда 
610 1 |a физика 
610 1 |a атмосфера 
610 1 |a гидроатмосфера 
610 1 |a радиофизика 
610 1 |a метеорология 
675 |a 504(063)  |v 3 
712 0 2 |a Томский государственный университет (ТГУ)  |2 stltpush  |3 (RuTPU)RU\TPU\col\397 
712 0 2 |a Якутский государственный университет им. М. К. Аммосова (ЯГУ)  |2 stltpush  |3 (RuTPU)RU\TPU\col\392 
712 0 2 |a Российская академия наук (РАН)  |b Сибирское отделение (СО)  |b Институт оптики атмосферы им. В. Е. Зуева (ИОА)  |c (Томск)  |2 stltpush  |3 (RuTPU)RU\TPU\col\318 
712 1 2 |a Физика окружающей среды  |b материалы Международной школы  |d 7  |e Красноярск  |f 2008 
801 1 |a RU  |b 63413507  |c 20131212 
801 2 |a RU  |b 63413507  |c 20210318  |g RCR 
942 |c BK